<?xml version="1.0" encoding="UTF-8"?>
<marc:record xmlns:marc="http://www.loc.gov/MARC21/slim">
   <marc:leader>00000nam a2200000 a 4500</marc:leader>
   <marc:datafield ind1="1" ind2=" " tag="100">
      <marc:subfield code="a">Schubert, Ingrid</marc:subfield>
      <marc:subfield code="4">aut</marc:subfield>
      <marc:subfield code="e">Verfasser/-in</marc:subfield>
   </marc:datafield>
   <marc:datafield ind1="1" ind2=" " tag="100">
      <marc:subfield code="a">ten Doornkaat, Hans</marc:subfield>
      <marc:subfield code="4">trl</marc:subfield>
      <marc:subfield code="e">Übersetzer/-in</marc:subfield>
   </marc:datafield>
   <marc:datafield ind1=" " ind2=" " tag="653">
      <marc:subfield code="a">Bär / Kinderbuch</marc:subfield>
   </marc:datafield>
   <marc:datafield ind1=" " ind2=" " tag="653">
      <marc:subfield code="a">Schubert</marc:subfield>
   </marc:datafield>
   <marc:datafield ind1=" " ind2=" " tag="653">
      <marc:subfield code="a">Ingrid</marc:subfield>
   </marc:datafield>
   <marc:datafield ind1=" " ind2=" " tag="653">
      <marc:subfield code="a">Igel / Kinderbuchfigur</marc:subfield>
   </marc:datafield>
   <marc:datafield ind1="0" ind2="0" tag="245">
      <marc:subfield code="a">Das große Buch von Bär und Igel</marc:subfield>
   </marc:datafield>
   <marc:datafield ind1="0" ind2="0" tag="245">
      <marc:subfield code="b">ein Loch ist im Eimer ; Papa Bär hat es schwer ; Bär und Igel helfen dem Biber ; nimm uns mit, Biber</marc:subfield>
   </marc:datafield>
   <marc:datafield ind1="0" ind2="0" tag="245">
      <marc:subfield code="c">Ingrid Schubert. Dieter Schubert. Hans ten Doornkaat</marc:subfield>
   </marc:datafield>
   <marc:datafield ind1=" " ind2="1" tag="264">
      <marc:subfield code="a">Frankfurt am Main</marc:subfield>
      <marc:subfield code="b">Sauerländer</marc:subfield>
      <marc:subfield code="c">2013</marc:subfield>
   </marc:datafield>
   <marc:datafield ind1=" " ind2=" " tag="250">
      <marc:subfield code="a">4. Auflage 2017</marc:subfield>
   </marc:datafield>
   <marc:datafield ind1="1" ind2=" " tag="520">
      <marc:subfield code="a">Wenn ein tapsiger Bär und ein schlauer Igel sich ins Zeug legen, gibt es meistens viel zu lachen. Die schönsten Abenteuer der Publikumslieblinge in einem Band. Bär will die Blumen vor seiner Höhle gießen. Aber in dem Eimer ist ein Loch. Was nun? Der Igel rät, das Loch mit Stroh zu stopfen. Aber womit schneidet man Stroh? Eine komische Szene reiht sich an die andere, ganz im Stil des gleichnamigen Nonsens-Liedes. Aber nicht nur damit haben Bär und Igel alle Hände voll zu tun. Sie versorgen gerade geschlüpfte Gänseküken, bringen ihnen das Fliegen bei und helfen ihrem Freund, dem Biber, sein Haus neu aufzubauen und da schlägt ihr Übereifer wirklich komische Kapriolen.#Quelle: Verlagsinformation</marc:subfield>
   </marc:datafield>
   <marc:datafield ind1=" " ind2=" " tag="020">
      <marc:subfield code="a">9783411812660</marc:subfield>
      <marc:subfield code="9">9783411812660</marc:subfield>
   </marc:datafield>
   <marc:datafield ind1=" " ind2=" " tag="041">
      <marc:subfield code="a">ger</marc:subfield>
   </marc:datafield>
   <marc:datafield ind1=" " ind2=" " tag="500">
      <marc:subfield code="a">Sammelband</marc:subfield>
   </marc:datafield>
   <marc:datafield ind1=" " ind2=" " tag="300">
      <marc:subfield code="a">[53] Bl.</marc:subfield>
   </marc:datafield>
</marc:record>
